000 00577nam a2200193Ia 4500
003 OSt
005 20260518155142.0
008 210210b1984 xxu||||| |||| 00| 0 eng d
040 _cAL
041 _aKonkani
082 _a891.46308 SATH
100 _a SIJYES (Takode) Psued siril j Sequeira
_dಸಿಜ್ಯ್ ಸ್ ತಾಕೊಡೆ
_9264083
245 _aSath Salkan : mogachyo katha
_b: ಸಾತ್ ಸಾಳ್ಕಾಂ
260 _aManglur
_bPatrima Saudindia
_c1984
300 _a139p
690 _aKonkani Fiction
_9152288
906 _a049928
942 _2ddc
_cBK
999 _c98477
_d98477